| 000 | 00807nam a2200241 i 4500 | ||
|---|---|---|---|
| 001 | bg | ||
| 245 | 1 | 0 |
_aKultura popularna / _cred. Wiesław Godzic, Agnieszka Fulińska, Mirosław Filiciak. |
| 260 |
_aKraków : _b"Rabid", _c2002. |
||
| 300 |
_a211 s., [2] k.tabl. : _bfot. ; _c20 cm. |
||
| 504 | _aBibliogr. przy art. | ||
| 650 | 9 | _aKultura masowa | |
| 700 | 1 |
_aGodzic, Wiesław _d(1953- ). _eRed. |
|
| 700 | 1 |
_aFulińska, Agnieszka. _eRed. |
|
| 700 | 1 |
_aFiliciak, Mirosław _d(1976- ). _eRed. |
|
| 020 | _a8388668269 | ||
| 040 | _cBPK | ||
| 041 | 0 | _apl | |
| 080 | _a316.7 | ||
| 920 | _a83-88668-26-9 | ||
| 942 | _cKS | ||
| 008 | s pl f |000 0 pol | ||
| 999 |
_c41044 _d41044 |
||
| 856 |
_uhttp://koha.tu.koszalin.pl/cgi-bin/koha/opac-detail.pl?biblionumber=41044 _yKatalog online BPK |
||